000 00614 a2200181 4500
020 _a0849330866
040 _aDLC
_bDLC
082 0 0 _a621.3/03
245 0 0 _aComprehensive dictionary of electrical engineering
_ceditor-in-chief Phillip A. Laplante
246 3 0 _aElectrical engineering
250 _a2nd ed.
260 _aBoca Raton, FL :
_bTaylor & Francis, c2005.
300 _a758 p. :
_bill. ;
_c26 cm.
650 0 _aElectrical engineering
700 1 _aLaplante, Phillip A.
856 4 2 _3Publisher description
_uhttp://www.loc.gov/catdir/enhancements/fy0647/2004058572-d.html
942 _cBK
_k621.303 LAP
_2ddc
999 _c7893
_d7893